Europe Country Flags - Sudden Death - Statistics

General Stats
  • This quiz has been taken 38 times
  • The average score is 17 of 20
Answers on the Grid
Answers color-coded by a green-red scale on the quiz's grid according to % correct below.
Russia
United Kingdom
Poland
Finland
Germany
Vatican City
Spain
Sweden
Netherlands
Norway
Italy
France
Greece
Austria
Switzerland
Scotland
Portugal
Belgium
Denmark
Ireland
Syria
Australia
Israel
Cyprus
Brazil
Chad
Bahamas
Costa Rica
Venezuela
Canada
 
Answer Stats
Answer % Correct
Poland
96%
Finland
92%
France
92%
Germany
92%
Italy
92%
Netherlands
92%
Russia
92%
Spain
92%
Sweden
92%
United Kingdom
92%
Belgium
88%
Norway
88%
Portugal
88%
Austria
83%
Denmark
83%
Greece
83%
Vatican City
83%
Switzerland
79%
Ireland
75%
Scotland
63%
No matching quizzes found
Score Distribution
Percent of People with Each Score
Percentile by Number Answered
Your Score History
You have not taken this quiz